| 000 | 01343nam a2200241Ia 4500 | ||
|---|---|---|---|
| 003 | Ost | ||
| 005 | 20260507075252.0 | ||
| 008 | 260507s9999||||xx |||||||||||||| ||und|| | ||
| 040 | _cfsecg | ||
| 041 | _aara | ||
| 082 | _a330 | ||
| 100 |
_aالربيعي، حاكم محسن _eمؤلف |
||
| 245 | 0 |
_aالمشتقات المالية : _bعقود المستقبليات ،الخيارات، المبادلات / _c حاكم محسن الربيعي |
|
| 260 |
_aعمان: _bدار اليازوري, _c2011 |
||
| 300 |
_a488 صفحة؛ _bإيضاحات ؛ _c24 سم |
||
| 504 | _aمراجع ص.481 | ||
| 520 | _a1)المشتقات: مفهوم العقود المستقبلية و طبيعتها ، التحوط ، الاسعار الحاضرة و المستقبلية و نماذج التسعير ، 2) المشتقات المالية ــ عقود الخيارات: عقود الخيارات و أنواعها ، المخاطرة و التحوط ، المشتقات المالية ــ عقود المبادلات : المضتقات المالية ، عقود المبادلات ، المخاطرة و التحوط . | ||
| 653 | _aالعقود | ||
| 653 | _aالمالية | ||
| 700 |
_aالفتلاوي، ميثاق هاتف _eمؤلف ثانوي |
||
| 700 |
_aجوان، حيدر خضير _eمؤلف ثانوي |
||
| 942 | _cكتاب | ||
| 999 |
_c43701 _d43701 |
||